Akta Cukai Keuntungan Harta-Tanah 1976 (Akta 169) : (hingga 10hb Mac 1997)

Bibliographic Details
Corporate Author: Lembaga Penyelidikan Undang-undang . International Law Book Services
Format: Book
Language:Malay
Published: Kuala Lumpur : International Law Book Services , c1997
Subjects:

MARC

LEADER 00000cam a2200000 7i4500
001 0000006898
005 20230803.0
008 000214 my may
020 |a 9678908271 (pbk) 
040 |a INS 
090 0 0 |a KPG3100.   |b A31976 1997 
245 1 0 |a Akta Cukai Keuntungan Harta-Tanah 1976 (Akta 169) :   |b (hingga 10hb Mac 1997)   |c disusun oleh Lembaga Penyelidikan Undang-Undang 
260 |a Kuala Lumpur :   |b International Law Book Services ,   |c c1997 
300 |a 79 p. ;   |c 24 cm. 
650 0 |a Property tax   |x Law and legislation   |z Malaysia 
650 0 |a Real property tax   |x Law and legislation   |z Malaysia 
710 1 |a Lembaga Penyelidikan Undang-undang .   |b International Law Book Services 
999 |a 0000007588   |b BOOK   |c Acts   |e Default branch 
999 |a 0000008015   |b BOOK   |c Acts   |e Default branch 
999 |a 0000008102   |b BOOK   |c Acts   |e Default branch 
999 |a 0000008103   |b BOOK   |c Acts   |e Default branch 
999 |a 0000008104   |b BOOK   |c Acts   |e Default branch